| 000 | 00529nam a2200205 a 4500 | ||
|---|---|---|---|
| 999 |
_c7150 _d7150 |
||
| 001 | 7150 | ||
| 003 | BD-JhCC | ||
| 005 | 20180210091715.0 | ||
| 008 | 180205s1971 usa |||| |||| 000 0 eng d | ||
| 035 | _a(BD-JhCC) | ||
| 040 |
_aBD-JhCC _dBD-JhCC |
||
| 041 | _aeng | ||
| 082 |
_a375.008 _bCUR 1971 |
||
| 245 |
_aCurriculum: Quest for Relevance / _cWilliam Van Til |
||
| 260 |
_aUSA: _bHoughton Mifflin Company - Boston; _c1971 |
||
| 300 |
_a390 p;, _c22 cm |
||
| 650 | _aEducation | ||
| 700 | _aTil, William Van | ||
| 942 |
_2ddc _cBK |
||